Estadísticas para Top 10 Países que Producen Cacao (Chocolate)

Haz click aquí para tomar la prueba!

Estadísticas generales

  • Esta prueba ha sido tomada 1.745 veces
  • La puntuación promedio es 6 de 10

Estadísticas de respuestas

ToneladasPaís% Correcto
47,732Colombia
94%
273,793Brasil
91%
81,651Perú
80%
156,216Ecuador
75%
728,400Indonesia
53%
248,000Nigeria
53%
269,902Camerún
41%
858,720Ghana
41%
1,434,077Costa de Marfil
39%
69,633República Dominicana
23%

Distribución de puntuación

Porcentaje por número respondido

Porcentaje de gente con cada puntuación

Historial de tus puntuaciones

No has tomado esta prueba